[Event "Europa ch s-16"]
[Site "Herceg Novi MNE"]
[Date "2008.09.19"]
[Round "5.7"]
[White "Kaforos, Dimitrios-Alkis"]
[Black "Yilmaz, Mustafa"]
[Result "0-1"]
[WhiteElo "2173"]
[BlackElo "2362"]
[PlyCount "112"]
[EventDate "2008.09.15"]
[EventType "swiss"]
[EventRounds "9"]
[Source "lmi"]
[SourceDate "2008.09.15"]

1. e4 c5 2. Nf3 d6 3. d4 cxd4 4. Nxd4 Nf6 5. Nc3 a6 6. Bg5 e6 7. f4 h6 8. Bh4
Nbd7 9. Qf3 e5 10. Nf5 exf4 11. Bxf6 Nxf6 12. Qxf4 g6 13. Ne3 h5 14. Bc4 Bh6
15. Qf2 O-O 16. O-O Bg7 17. Rad1 Qb6 18. Bb3 Qc5 19. Nc4 Ng4 20. Qxc5 dxc5 21.
Nb6 Bd4+ 22. Rxd4 cxd4 23. Ncd5 Be6 24. Nxa8 Rxa8 25. Rd1 Rd8 26. Rxd4 Kg7 27.
c3 Rf8 28. h3 Ne5 29. Kf2 Kh6 30. Ke3 Kg5 31. Rb4 b5 32. Rd4 Kh4 33. Kf2 Nc6
34. Rd1 Rb8 35. g3+ Kg5 36. h4+ Kh6 37. Nb4 Nxb4 38. Bxe6 Nc6 39. Bh3 Ne5 40.
Rd6 Nc4 41. Rxa6 Nxb2 42. Bf1 Nd1+ 43. Ke2 Nxc3+ 44. Kd3 b4 45. e5 Kg7 46. Bg2
Rd8+ 47. Kc2 Ne2 48. Rb6 Rd4 49. Kb3 Nc1+ 50. Kc2 Nxa2 51. e6 fxe6 52. Rxe6 Nc3
53. Bf3 Na4 54. Rc6 b3+ 55. Kxb3 Rd3+ 56. Kxa4 Rxf3 0-1

[Event "Europa ch s-16"]
[Site "Herceg Novi MNE"]
[Date "2008.09.19"]
[Round "5.8"]
[White "Kanarek, Marcel"]
[Black "Vardanian, Haik G"]
[Result "1/2-1/2"]
[WhiteElo "2349"]
[BlackElo "2177"]
[PlyCount "169"]
[EventDate "2008.09.15"]
[EventType "swiss"]
[EventRounds "9"]
[Source "lmi"]
[SourceDate "2008.09.15"]

1. e4 c5 2. Nf3 e6 3. d4 cxd4 4. Nxd4 a6 5. Bd3 Nc6 6. Nxc6 dxc6 7. Nd2 e5 8.
Qh5 Bd6 9. Nc4 Nf6 10. Qe2 Be6 11. Nxd6+ Qxd6 12. O-O O-O 13. Rd1 Qe7 14. a4
Rad8 15. b3 Rfe8 16. a5 Nd7 17. Qe3 Nf8 18. Ba3 Qh4 19. Bc5 Bc8 20. g3 Qf6 21.
Bb6 Rd7 22. Rf1 g5 23. Be2 Ne6 24. c3 Rd6 25. Rfd1 Rxd1+ 26. Rxd1 Qe7 27. b4
Kg7 28. Bg4 Rh8 29. Qd2 h6 30. Bf5 Re8 31. Qe3 Qf8 32. Rd3 Kg8 33. Qe2 Qg7 34.
Qg4 Re7 35. Rd6 Re8 36. Kh1 Qf8 37. Rd2 c5 38. h4 cxb4 39. hxg5 bxc3 40. Rc2
hxg5 41. Rxc3 Qh6+ 42. Kg2 Kg7 43. Rc1 Rh8 44. Be3 Kf6 45. Kf3 Bd7 46. Ke2 Bb5+
47. Kd2 Rd8+ 48. Kc2 Nd4+ 49. Kb2 Be2 50. Rh1 Bxg4 51. Rxh6+ Kg7 52. Bxg5 Bxf5
53. exf5 Rd5 54. f6+ Kg8 55. Rh5 Rxa5 56. Bh6 Rb5+ 57. Kc3 Ne6 58. g4 a5 59.
Be3 a4 60. Kc4 Rb1 61. Rxe5 b6 62. Rb5 Rxb5 63. Kxb5 a3 64. Bc1 a2 65. Bb2 Nc5
66. f4 Nd3 67. Ba1 Nxf4 68. Kc4 Ng2 69. Kb3 Ne3 70. g5 Kh7 71. Kxa2 Kg6 72. Bb2
Kxg5 73. Bc1 Kf4 74. Kb3 Ke4 75. Kb4 Nd5+ 76. Kb5 Nxf6 77. Kxb6 Nd5+ 78. Ka7
Ne3 79. Ba3 f5 80. Bd6 Nc4 81. Bh2 Ne5 82. Bg3 Ng4 83. Ka6 Kf3 84. Bc7 Ke4 85.
Bg3 1/2-1/2

[Event "Europa ch s-16"]
[Site "Herceg Novi MNE"]
[Date "2008.09.19"]
[Round "5.9"]
[White "Dragomirescu, Robin-Alexandru"]
[Black "Mammadov, Ayaz"]
[Result "1-0"]
[WhiteElo "2232"]
[BlackElo "2346"]
[PlyCount "87"]
[EventDate "2008.09.15"]
[EventType "swiss"]
[EventRounds "9"]
[Source "lmi"]
[SourceDate "2008.09.15"]

1. e4 e5 2. Nf3 Nc6 3. Bb5 a6 4. Ba4 d6 5. O-O Bd7 6. c3 g6 7. d4 Bg7 8. Re1 b5
9. Bb3 Nf6 10. Nbd2 O-O 11. Nf1 h6 12. a4 Re8 13. dxe5 Nxe5 14. Nxe5 Rxe5 15.
f4 Re8 16. axb5 axb5 17. Rxa8 Qxa8 18. e5 Bg4 19. Qd3 Bf5 20. Qxb5 Ng4 21. Bd5
Qd8 22. h3 Nf6 23. Bc6 Nd7 24. Ng3 Be6 25. exd6 cxd6 26. f5 gxf5 27. Nxf5 Be5
28. Nxh6+ Kg7 29. Rf1 f6 30. Bd5 Nc5 31. Bxe6 Nxe6 32. Nf5+ Kf7 33. Qe2 Rh8 34.
Qg4 Qb6+ 35. Kh1 Qa6 36. Rd1 Qc6 37. Bh6 Ke8 38. Qg6+ Kd8 39. Nxd6 Kc7 40. Qf7+
Kb8 41. Qxe6 Rxh6 42. Qg8+ Ka7 43. Ra1+ Kb6 44. Qb8+ 1-0

[Event "Europa ch s-16"]
[Site "Herceg Novi MNE"]
[Date "2008.09.19"]
[Round "5.10"]
[White "Gretarsson, Hjorvar Steinn"]
[Black "Ketzetzis, Georgios"]
[Result "0-1"]
[WhiteElo "2299"]
[BlackElo "2099"]
[PlyCount "54"]
[EventDate "2008.09.15"]
[EventType "swiss"]
[EventRounds "9"]
[Source "lmi"]
[SourceDate "2008.09.15"]

1. d4 d5 2. c4 c6 3. Nf3 Nf6 4. e3 e6 5. Nc3 Nbd7 6. Qc2 Bd6 7. g4 h6 8. Rg1 b5
9. cxb5 c5 10. Bd2 Bb7 11. Rc1 Rc8 12. g5 hxg5 13. Nxg5 Qe7 14. Na4 O-O 15.
dxc5 Nxc5 16. Bc3 d4 17. exd4 Nxa4 18. Qxa4 Bxh2 19. Nh3 Bxg1 20. Nxg1 Nd5 21.
Ne2 Rfe8 22. Qxa7 e5 23. dxe5 Nxc3 24. bxc3 Qxe5 25. Qxb7 Rxc3 26. Rb1 Rc2 27.
Qf3 Qd4 0-1

[Event "Europa ch s-16"]
[Site "Herceg Novi MNE"]
[Date "2008.09.19"]
[Round "5.11"]
[White "Kociscak, Jiri"]
[Black "Biryukov, Alexander"]
[Result "0-1"]
[WhiteElo "2324"]
[BlackElo "2138"]
[PlyCount "100"]
[EventDate "2008.09.15"]
[EventType "swiss"]
[EventRounds "9"]
[Source "lmi"]
[SourceDate "2008.09.15"]

1. e4 e5 2. Nf3 Nc6 3. Bb5 a6 4. Ba4 Nf6 5. O-O Be7 6. Re1 b5 7. Bb3 d6 8. c3
O-O 9. h3 Na5 10. Bc2 c5 11. d4 Qc7 12. d5 Nc4 13. a4 Bd7 14. b3 Na5 15. Nfd2
bxa4 16. bxa4 c4 17. Na3 Rab8 18. Rb1 Rxb1 19. Naxb1 Rb8 20. Ba3 Be8 21. Bb4
Nb7 22. Qe2 Rc8 23. Nf1 a5 24. Ba3 Nd7 25. Ne3 Nb6 26. Qg4 Bf8 27. Nd2 Nxa4 28.
Ndxc4 Bd7 29. Qg3 Nxc3 30. Bb2 Nb5 31. f4 Nd4 32. Bd3 f6 33. fxe5 dxe5 34. d6
Qc5 35. Ba3 Qa7 36. Kh2 Nb5 37. Nd5 Kh8 38. Bb2 N7xd6 39. Ncb6 Re8 40. Rf1 Bc6
41. Bb1 Bxd5 42. Nxd5 Nc4 43. Ba2 Nbd6 44. Ba3 Nxe4 45. Qd3 Bxa3 46. Qxe4 Qd4
47. Qf5 e4 48. Qd7 Qe5+ 49. Kh1 Bd6 50. Qf7 Qh2# 0-1

[Event "Europa ch s-16"]
[Site "Herceg Novi MNE"]
[Date "2008.09.19"]
[Round "5.12"]
[White "Heimann, Andreas"]
[Black "Klekowski, Maciej"]
[Result "1/2-1/2"]
[WhiteElo "2433"]
[BlackElo "2197"]
[PlyCount "82"]
[EventDate "2008.09.15"]
[EventType "swiss"]
[EventRounds "9"]
[Source "lmi"]
[SourceDate "2008.09.15"]

1. e4 c5 2. Nf3 Nc6 3. d4 cxd4 4. Nxd4 Nf6 5. Nc3 e5 6. Ndb5 d6 7. Bg5 a6 8.
Na3 b5 9. Nd5 Be7 10. Bxf6 Bxf6 11. c4 b4 12. Nc2 a5 13. Qf3 Be7 14. g3 O-O 15.
Bg2 Rb8 16. O-O Bg5 17. b3 Ne7 18. Nxe7+ Qxe7 19. Rad1 Bb7 20. Ne3 Bxe3 21.
Qxe3 Qc7 22. Rd3 Rfd8 23. Rfd1 Ra8 24. h4 h6 25. Kh2 Kh8 26. f4 a4 27. Qd2 axb3
28. axb3 exf4 29. Qxf4 Ra2 30. R3d2 Rxd2 31. Qxd2 Qa5 32. Qd4 Re8 33. Qxd6 Qh5
34. Qd7 f5 35. Qb5 Bxe4 36. Re1 Qg6 37. Bxe4 Rxe4 38. Rxe4 fxe4 39. Qxb4 e3 40.
Qc3 Qe4 41. c5 e2 1/2-1/2

[Event "Europa ch s-16"]
[Site "Herceg Novi MNE"]
[Date "2008.09.19"]
[Round "5.13"]
[White "Rombaldoni, Axel"]
[Black "Herrera Delgado, Alejandro"]
[Result "1-0"]
[WhiteElo "2374"]
[BlackElo "2204"]
[PlyCount "61"]
[EventDate "2008.09.15"]
[EventType "swiss"]
[EventRounds "9"]
[Source "lmi"]
[SourceDate "2008.09.15"]

1. e4 c5 2. Nf3 Nc6 3. d4 cxd4 4. Nxd4 Nf6 5. Nxc6 bxc6 6. Bd3 e5 7. O-O Rb8 8.
Nd2 Bc5 9. Nc4 d6 10. c3 Be6 11. b4 Bxc4 12. Bxc4 Bb6 13. Qe2 O-O 14. Bg5 h6
15. Bh4 Qd7 16. Bxf6 gxf6 17. Qh5 Kh7 18. Rad1 Rg8 19. Qxf7+ Qxf7 20. Bxf7 Rg7
21. Be6 c5 22. Bf5+ Kg8 23. Rxd6 cxb4 24. cxb4 Bd4 25. Rxf6 Rxb4 26. Rxh6 Rb2
27. Be6+ Kf8 28. Rh8+ Ke7 29. Bd5 Rg6 30. Rh7+ Kd8 31. Rf7 1-0

[Event "Europa ch s-16"]
[Site "Herceg Novi MNE"]
[Date "2008.09.19"]
[Round "5.14"]
[White "Sieciechowicz, Marcin"]
[Black "Janiashvili, Irakli"]
[Result "1-0"]
[WhiteElo "2311"]
[BlackElo "2192"]
[PlyCount "93"]
[EventDate "2008.09.15"]
[EventType "swiss"]
[EventRounds "9"]
[Source "lmi"]
[SourceDate "2008.09.15"]

1. d4 e6 2. c4 d5 3. Nc3 Be7 4. Nf3 Nf6 5. Bg5 Nbd7 6. e3 O-O 7. Rc1 c6 8. Bd3
dxc4 9. Bxc4 Nd5 10. Bxe7 Qxe7 11. O-O Nxc3 12. Rxc3 Rd8 13. Bd3 Nf8 14. Qe2
Bd7 15. a3 Be8 16. b4 a6 17. Rb1 f6 18. a4 Ng6 19. Qc2 Nf8 20. h3 Ra7 21. Ra3
Bg6 22. Bxg6 Nxg6 23. Qc5 Raa8 24. Rc3 Rd5 25. Qxe7 Nxe7 26. b5 axb5 27. axb5
Rxb5 28. Rxb5 cxb5 29. Rc7 Nd5 30. Rxb7 Ra1+ 31. Kh2 Rb1 32. Nd2 Rb2 33. Ne4 h5
34. Kg3 Kh7 35. Nc5 e5 36. dxe5 fxe5 37. Nd3 Rb1 38. Nxe5 b4 39. Nf3 Nc3 40.
Rb6 g6 41. Rb7+ Kg8 42. Nd4 Rb2 43. f3 h4+ 44. Kxh4 Rxg2 45. e4 Na4 46. Rxb4
Nc5 47. Rb5 1-0

[Event "Europa ch s-16"]
[Site "Herceg Novi MNE"]
[Date "2008.09.19"]
[Round "5.15"]
[White "Matveev, Vladimir"]
[Black "Yaksin, Oleg"]
[Result "0-1"]
[WhiteElo "2187"]
[BlackElo "2307"]
[PlyCount "98"]
[EventDate "2008.09.15"]
[EventType "swiss"]
[EventRounds "9"]
[Source "lmi"]
[SourceDate "2008.09.15"]

1. Nf3 Nf6 2. c4 e6 3. g3 b6 4. Bg2 Bb7 5. O-O Be7 6. Nc3 O-O 7. Re1 d5 8. cxd5
exd5 9. d4 c5 10. Bf4 Nc6 11. Rc1 Ne4 12. Be3 Nxc3 13. bxc3 c4 14. Ne5 f6 15.
Nxc6 Bxc6 16. Bd2 f5 17. f3 Qd7 18. e4 Ba3 19. Ra1 dxe4 20. fxe4 fxe4 21. Bxe4
Rae8 22. Bxc6 Qxc6 23. Qh5 g6 24. Qg4 Qf3 25. Qxf3 Rxe1+ 26. Rxe1 Rxf3 27. Re8+
Rf8 28. Rxf8+ Kxf8 29. Kf2 b5 30. Ke3 a5 31. d5 Bc5+ 32. Ke4 b4 33. cxb4 axb4
34. Bc1 Ke7 35. g4 Bf2 36. Bd2 Bc5 37. Bc1 Kd7 38. h3 Bf2 39. Bd2 Bc5 40. Bc1
Kc7 41. Bf4+ Bd6 42. Be3 b3 43. axb3 cxb3 44. Bc1 Kb6 45. Kd4 Kb5 46. Bb2 Kb4
47. h4 Be7 48. g5 Bd6 49. Ke4 Kc4 0-1

[Event "Europa ch s-16"]
[Site "Herceg Novi MNE"]
[Date "2008.09.19"]
[Round "5.16"]
[White "Strunski, Andreas"]
[Black "Kuchynka, Lukas"]
[Result "1-0"]
[WhiteElo "2294"]
[BlackElo "2150"]
[PlyCount "71"]
[EventDate "2008.09.15"]
[EventType "swiss"]
[EventRounds "9"]
[Source "lmi"]
[SourceDate "2008.09.15"]

1. d4 Nf6 2. c4 e6 3. Nc3 Bb4 4. Qc2 O-O 5. Bg5 b6 6. e4 h6 7. Bh4 g5 8. Bg3
Bb7 9. e5 Ne4 10. f3 Bxc3+ 11. bxc3 Nxg3 12. hxg3 Kg7 13. Bd3 d6 14. f4 f5 15.
exf6+ Qxf6 16. Nh3 e5 17. Be4 Bxe4 18. Qxe4 Nd7 19. fxg5 hxg5 20. Nxg5 Rh8 21.
Rh7+ Rxh7 22. Qxh7+ Kf8 23. Qe4 Qxg5 24. Qxa8+ Ke7 25. Qf3 Nf6 26. Ke2 Qg8 27.
d5 Qg6 28. Rf1 Qc2+ 29. Ke1 Qg6 30. g4 Qg5 31. Qf5 Qc1+ 32. Ke2 Qb2+ 33. Kd1
Qa1+ 34. Kc2 Qxa2+ 35. Kd3 e4+ 36. Ke3 1-0

[Event "Europa ch s-16"]
[Site "Herceg Novi MNE"]
[Date "2008.09.19"]
[Round "5.17"]
[White "Petenyi, Tamas"]
[Black "Tamazyan, Haik"]
[Result "1-0"]
[WhiteElo "2289"]
[BlackElo "2139"]
[PlyCount "139"]
[EventDate "2008.09.15"]
[EventType "swiss"]
[EventRounds "9"]
[Source "lmi"]
[SourceDate "2008.09.15"]

1. e4 e5 2. Nf3 Nc6 3. Bb5 a6 4. Ba4 Nf6 5. O-O Be7 6. Re1 b5 7. Bb3 O-O 8. h3
d6 9. c3 Na5 10. Bc2 c5 11. d4 Qc7 12. Nbd2 cxd4 13. cxd4 Nc6 14. Nb3 a5 15.
Be3 a4 16. Nbd2 Bd7 17. Rc1 Qb7 18. a3 Rfc8 19. Qe2 b4 20. Bd3 exd4 21. Nxd4 d5
22. exd5 Nxd4 23. Bxd4 Rxc1 24. Rxc1 Qxd5 25. Nf3 Re8 26. Bc4 Qh5 27. Qd1 Rd8
28. Qe1 Kf8 29. Qe3 Re8 30. Ne5 Be6 31. Bxe6 fxe6 32. Nc6 Nd5 33. Qg3 Qg5 34.
Qf3+ Kg8 35. Nxe7+ Qxe7 36. Qg3 b3 37. Be5 Qd7 38. Rc4 g6 39. Bd4 Rf8 40. Qe5
Nf6 41. Rc7 Qd5 42. Qxd5 exd5 43. Ra7 Ne8 44. Rxa4 Rf4 45. Rb4 Nc7 46. Rb8+ Rf8
47. Rxb3 Ne6 48. Rd3 Rc8 49. Be5 d4 50. b4 Kf7 51. Bxd4 Ke7 52. Be3 Rb8 53. Rb3
Kd7 54. a4 Ra8 55. Ra3 Nc7 56. b5 Nxb5 57. Rd3+ Nd6 58. Bf4 Rxa4 59. Bxd6 Ke6
60. Bg3 Ra7 61. Rd6+ Kf7 62. Rc6 Ra1+ 63. Kh2 Re1 64. Rc7+ Kg8 65. f4 Re2 66.
Bh4 Re6 67. Rd7 Re4 68. Kg3 Re3+ 69. Kf2 Ra3 70. Bf6 1-0

[Event "Europa ch s-16"]
[Site "Herceg Novi MNE"]
[Date "2008.09.19"]
[Round "5.18"]
[White "Witek, Tomasz"]
[Black "Senlle Caride, Miguel"]
[Result "1-0"]
[WhiteElo "2125"]
[BlackElo "2289"]
[PlyCount "109"]
[EventDate "2008.09.15"]
[EventType "swiss"]
[EventRounds "9"]
[Source "lmi"]
[SourceDate "2008.09.15"]

1. d4 d5 2. c4 c6 3. Nc3 Nf6 4. e3 a6 5. Nf3 b5 6. b3 Bg4 7. Be2 Nbd7 8. O-O e6
9. h3 Bh5 10. Bb2 Bd6 11. Ne5 Bxe2 12. Nxe2 Rc8 13. Qd3 O-O 14. Rfc1 Qa5 15.
Rc2 Ba3 16. Bxa3 Qxa3 17. Nxd7 Nxd7 18. cxd5 cxd5 19. Rac1 Nb6 20. Rc6 g6 21.
R1c5 Rxc6 22. Rxc6 Rb8 23. Qc2 Qa5 24. Nf4 Nd7 25. Nd3 Nf6 26. b4 Qa3 27. Rc3
Qa4 28. Qxa4 bxa4 29. Ra3 Rb6 30. Rxa4 Ne4 31. a3 Nc3 32. Ra5 Nb5 33. Nc5 Nc7
34. Kf1 Rc6 35. Ke2 Kf8 36. Kd3 Ke7 37. Kc3 f6 38. Kb3 e5 39. a4 Rb6 40. Nd3
Kd6 41. Nc1 h5 42. Ne2 h4 43. Rc5 Ne6 44. Nc3 exd4 45. Rxd5+ Ke7 46. exd4 Nf4
47. Rc5 Rd6 48. d5 Nxg2 49. Ne4 Rd7 50. d6+ Kd8 51. Rc6 a5 52. Nc5 Ra7 53. b5
g5 54. b6 Ra8 55. b7 1-0

[Event "Europa ch s-16"]
[Site "Herceg Novi MNE"]
[Date "2008.09.19"]
[Round "5.19"]
[White "Mordechai, Hanan"]
[Black "Nestorovic, Lazar"]
[Result "0-1"]
[WhiteElo "2072"]
[BlackElo "2269"]
[PlyCount "82"]
[EventDate "2008.09.15"]
[EventType "swiss"]
[EventRounds "9"]
[Source "lmi"]
[SourceDate "2008.09.15"]

1. e4 e5 2. Nf3 d6 3. Bc4 Be7 4. O-O Nf6 5. Re1 O-O 6. c3 c6 7. Bb3 Nbd7 8. d4
Qc7 9. Nbd2 h6 10. Nf1 Re8 11. Ng3 Nf8 12. Nh4 Be6 13. Nhf5 Bxb3 14. Qxb3 Ne6
15. Be3 Bf8 16. Qc2 Kh7 17. Rad1 g6 18. Nh4 Rad8 19. Nf3 Bg7 20. h4 Ng4 21. h5
Nxe3 22. Rxe3 Nf4 23. hxg6+ fxg6 24. Ne2 Ne6 25. d5 Nf4 26. g3 Nh5 27. Kg2 Nf6
28. Nh4 Rf8 29. f4 Qb6 30. Qd2 Ng4 31. Rf3 cxd5 32. exd5 e4 33. Rff1 g5 34. Nd4
gxh4 35. Qe2 Bxd4 36. Qxe4+ Kg7 37. Rxd4 Rde8 38. Qf3 Ne3+ 39. Kh3 Nxf1 40.
Qxf1 Qxb2 41. Qf3 Qe2 0-1

[Event "Europa ch s-16"]
[Site "Herceg Novi MNE"]
[Date "2008.09.19"]
[Round "5.20"]
[White "Manasyan, Haik"]
[Black "Sinitsin, Roman"]
[Result "0-1"]
[WhiteElo "2048"]
[BlackElo "2258"]
[PlyCount "66"]
[EventDate "2008.09.15"]
[EventType "swiss"]
[EventRounds "9"]
[Source "lmi"]
[SourceDate "2008.09.15"]

1. d4 d5 2. c4 e6 3. Nf3 Nf6 4. g3 dxc4 5. Qa4+ Nbd7 6. Bg2 a6 7. Qxc4 b5 8.
Qc2 Bb7 9. O-O c5 10. a4 cxd4 11. Bg5 Be7 12. axb5 axb5 13. Nbd2 h6 14. Bf4 O-O
15. Qd3 Qb6 16. Rac1 Nc5 17. Qxd4 Rfd8 18. Qc3 Nd5 19. Qc2 Nxf4 20. gxf4 Rac8
21. Qb1 Bf6 22. b3 b4 23. Nc4 Qa6 24. Rc2 Be4 25. Ra2 Bxb1 26. Rxa6 Nxa6 27.
Rxb1 Nc5 28. Nfd2 Bc3 29. Ne4 Nxb3 30. Ncd6 Nd2 31. Rc1 Rb8 32. Nxc3 bxc3 33.
Nb7 Nb3 0-1

[Event "Europa ch s-16"]
[Site "Herceg Novi MNE"]
[Date "2008.09.19"]
[Round "5.21"]
[White "Lyaskovsky, Valentin"]
[Black "Kowalczyk, Pawel"]
[Result "1-0"]
[WhiteElo "2257"]
[BlackElo "2138"]
[PlyCount "60"]
[EventDate "2008.09.15"]
[EventType "swiss"]
[EventRounds "9"]
[Source "lmi"]
[SourceDate "2008.09.15"]

1. e4 c5 2. Nf3 e6 3. d4 cxd4 4. Nxd4 Qb6 5. Be3 Bc5 6. c3 Nc6 7. Nd2 Bxd4 8.
cxd4 d5 9. Bd3 Nge7 10. O-O Qxb2 11. Nb3 Qa3 12. e5 Nf5 13. Bxf5 exf5 14. Qf3
Be6 15. Qg3 Kf8 16. Bc1 Qa4 17. Nc5 Qxd4 18. Ba3 Kg8 19. Nxb7 h6 20. Rac1 Nd8
21. Nc5 f4 22. Qb3 Qxe5 23. Rfe1 Qg5 24. Bb2 Kh7 25. Re5 Qg6 26. Nd3 f3 27. Nf4
Qg4 28. g3 Bc8 29. Qd3+ g6 30. h3 Bf5 1-0

[Event "Europa ch s-16"]
[Site "Herceg Novi MNE"]
[Date "2008.09.19"]
[Round "5.22"]
[White "Janczarski, Michal"]
[Black "Manelyuk, Nikita"]
[Result "1-0"]
[WhiteElo "2238"]
[BlackElo "2071"]
[PlyCount "69"]
[EventDate "2008.09.15"]
[EventType "swiss"]
[EventRounds "9"]
[Source "lmi"]
[SourceDate "2008.09.15"]

1. c4 Nf6 2. g3 e5 3. Bg2 c6 4. d4 Qb6 5. dxe5 Ng4 6. Nh3 Nxe5 7. Qc2 Bb4+ 8.
Bd2 d5 9. cxd5 Bxh3 10. Bxh3 O-O 11. Bxb4 Qxb4+ 12. Qc3 Qe4 13. O-O Qxd5 14.
Na3 Rd8 15. Rfd1 Qxd1+ 16. Rxd1 Rxd1+ 17. Kg2 Ned7 18. Qb3 Rd4 19. e3 Nc5 20.
Qc2 Rd5 21. e4 Re5 22. f4 Rxe4 23. Qxc5 Re2+ 24. Kf3 Na6 25. Qc3 Rxh2 26. Bf1
Nc7 27. Nc4 Nb5 28. Qe5 Rd8 29. Qe7 Rf8 30. Qd7 Rh5 31. Ne5 Rh6 32. Nxf7 Rh5
33. Bc4 g6 34. Nd6+ Kh8 35. Nxb5 1-0

[Event "Europa ch s-16"]
[Site "Herceg Novi MNE"]
[Date "2008.09.19"]
[Round "5.24"]
[White "Holvason, Juri"]
[Black "Stella, Andrea"]
[Result "1-0"]
[WhiteElo "2041"]
[BlackElo "2209"]
[PlyCount "53"]
[EventDate "2008.09.15"]
[EventType "swiss"]
[EventRounds "9"]
[Source "lmi"]
[SourceDate "2008.09.15"]

1. e4 e6 2. d4 d5 3. Nd2 c5 4. exd5 Qxd5 5. Ngf3 cxd4 6. Bc4 Qd6 7. O-O Nf6 8.
Nb3 Nc6 9. Nbxd4 Nxd4 10. Nxd4 a6 11. Re1 Qc7 12. Bb3 Bd6 13. Nf5 Bxh2+ 14. Kh1
O-O 15. Nxg7 Rd8 16. Qf3 Kxg7 17. Bh6+ Kg6 18. c3 e5 19. Bc2+ e4 20. Bxe4+ Nxe4
21. Rxe4 Qc6 22. Qe3 Qd5 23. Rh4 Bc7 24. Re1 Qf5 25. Bf8 Bf4 26. Rh6+ Kg5 27.
Qe7+ 1-0

[Event "Europa ch s-16"]
[Site "Herceg Novi MNE"]
[Date "2008.09.19"]
[Round "5.26"]
[White "Klein, David"]
[Black "Popilski, Gil"]
[Result "1-0"]
[WhiteElo "2135"]
[BlackElo "2372"]
[PlyCount "75"]
[EventDate "2008.09.15"]
[EventType "swiss"]
[EventRounds "9"]
[Source "lmi"]
[SourceDate "2008.09.15"]

1. e4 c5 2. Nf3 d6 3. d4 cxd4 4. Nxd4 Nf6 5. Nc3 a6 6. Be2 e6 7. f4 Qc7 8. O-O
Be7 9. a4 Nc6 10. Be3 O-O 11. Kh1 Re8 12. Qe1 Nd7 13. Qg3 Bf8 14. Rad1 Nb4 15.
Rd2 b6 16. Nf3 Bb7 17. Bd4 Nc5 18. e5 d5 19. f5 exf5 20. Nh4 Re6 21. Nxf5 Ne4
22. Nxe4 dxe4 23. Bh5 g6 24. Rdf2 Bd5 25. Nd6 Re7 26. Bg4 Bg7 27. Bc3 Qc5 28.
e6 f5 29. Bxf5 e3 30. Bxg6 hxg6 31. Rf7 e2 32. R1f5 Nxc2 33. Qxg6 Qxc3 34. bxc3
e1=Q+ 35. Rf1 Qe5 36. Rxe7 Rd8 37. Nf5 Bxg2+ 38. Qxg2 1-0

[Event "Europa ch s-16"]
[Site "Herceg Novi MNE"]
[Date "2008.09.19"]
[Round "5.27"]
[White "Baron, Tal"]
[Black "Dubessay, Bastien"]
[Result "1-0"]
[WhiteElo "2285"]
[BlackElo "2131"]
[PlyCount "87"]
[EventDate "2008.09.15"]
[EventType "swiss"]
[EventRounds "9"]
[Source "lmi"]
[SourceDate "2008.09.15"]

1. e4 c5 2. Nf3 d6 3. d4 cxd4 4. Nxd4 Nf6 5. Nc3 a6 6. Bg5 e6 7. f4 b5 8. e5
dxe5 9. fxe5 Qc7 10. exf6 Qe5+ 11. Be2 Qxg5 12. O-O Qe5 13. Nf3 Qe3+ 14. Kh1
Nd7 15. Re1 Qa7 16. a4 b4 17. Ne4 Nxf6 18. Nd6+ Bxd6 19. Qxd6 Qb8 20. Qc5 Nd7
21. Qd4 O-O 22. a5 Nf6 23. Ne5 Bb7 24. Bd3 h6 25. Ra4 Nd5 26. c4 Qe8 27. b3 Ne7
28. Rxb4 Nc6 29. Nxc6 Bxc6 30. Rb6 Rd8 31. Qe3 Qd7 32. Bf1 Bb7 33. c5 Rc8 34.
b4 Rc6 35. Qd3 Qc7 36. Rc1 Rxb6 37. axb6 Qf4 38. Qc4 Qxc4 39. Bxc4 Rc8 40. Ra1
Rd8 41. h3 Bc6 42. Bxa6 Ra8 43. Kh2 Kf8 44. b5 1-0

[Event "Europa ch s-16"]
[Site "Herceg Novi MNE"]
[Date "2008.09.19"]
[Round "5.29"]
[White "Karzinins, Genadijs"]
[Black "Arslanov, Shamil"]
[Result "0-1"]
[WhiteElo "1896"]
[BlackElo "2228"]
[PlyCount "96"]
[EventDate "2008.09.15"]
[EventType "swiss"]
[EventRounds "9"]
[Source "lmi"]
[SourceDate "2008.09.15"]

1. c4 e6 2. Nc3 d5 3. cxd5 exd5 4. d4 c5 5. Nf3 Nc6 6. dxc5 d4 7. Ne4 Qd5 8.
Nd6+ Bxd6 9. cxd6 Bg4 10. h3 Bxf3 11. gxf3 Qxd6 12. Rg1 g6 13. f4 Nf6 14. Bg2
Nd5 15. Qb3 O-O-O 16. Bd2 Rhe8 17. Bxd5 Qxd5 18. Qxd5 Rxd5 19. Rc1 Rd6 20. Kf1
Rde6 21. e3 Kb8 22. Rg5 dxe3 23. fxe3 Ne7 24. Kf2 Nf5 25. Rc3 Nd6 26. Rd3 Ne4+
27. Ke2 Nxg5 28. fxg5 Re5 29. h4 Re4 30. Be1 Kc8 31. Kf3 Rc4 32. a3 Rd8 33. Rb3
Rd1 34. Bg3 Rd5 35. e4 Rdd4 36. Re3 Rd2 37. Be5 Rcc2 38. Bc3 Rf2+ 39. Kg3 Rfe2
40. Rf3 Rg2+ 41. Kf4 Rgf2 42. Rxf2 Rxf2+ 43. Kg4 Kd7 44. Kg3 Rc2 45. Kf4 Rc1
46. Bd4 Rf1+ 47. Kg4 a6 48. Bc3 Kd6 0-1

[Event "Europa ch s-16"]
[Site "Herceg Novi MNE"]
[Date "2008.09.19"]
[Round "5.30"]
[White "Petrisor, Adrian-Marian"]
[Black "Hansen, Mads"]
[Result "1/2-1/2"]
[WhiteElo "2168"]
[BlackElo "2041"]
[PlyCount "65"]
[EventDate "2008.09.15"]
[EventType "swiss"]
[EventRounds "9"]
[Source "lmi"]
[SourceDate "2008.09.15"]

1. e4 e5 2. Nf3 Nc6 3. Bb5 a6 4. Ba4 Nf6 5. O-O Be7 6. Qe2 b5 7. Bb3 O-O 8. c3
d6 9. h3 Na5 10. Bc2 c5 11. Rd1 Qc7 12. d4 Bd7 13. d5 Rfc8 14. Nbd2 Rab8 15. b3
c4 16. b4 Nb7 17. Nf1 a5 18. a3 Ra8 19. Rb1 axb4 20. axb4 Ra2 21. Ng3 Rca8 22.
Nh2 Qb6 23. Nhf1 Ne8 24. Nf5 Bf8 25. Kh2 f6 26. g4 Nd8 27. h4 Nf7 28. N1e3 g6
29. Ng3 Qd8 30. Kg2 Bh6 31. f3 Bf4 32. Qf2 Ng7 33. Nef1 1/2-1/2

[Event "Europa ch s-16"]
[Site "Herceg Novi MNE"]
[Date "2008.09.19"]
[Round "5.31"]
[White "Setkauskas, Vaidas"]
[Black "Halvax, Georg"]
[Result "1/2-1/2"]
[WhiteElo "2064"]
[BlackElo "2162"]
[PlyCount "51"]
[EventDate "2008.09.15"]
[EventType "swiss"]
[EventRounds "9"]
[Source "lmi"]
[SourceDate "2008.09.15"]

1. e4 c5 2. Nf3 Nc6 3. d4 cxd4 4. Nxd4 e5 5. Nb5 d6 6. c4 Be7 7. N1c3 a6 8. Na3
Be6 9. Nc2 Bg5 10. Be2 h6 11. O-O Rc8 12. b3 Nge7 13. Bg4 Qd7 14. Bxe6 Qxe6 15.
Qd3 O-O 16. Nd5 f5 17. Bxg5 hxg5 18. Rad1 Rcd8 19. Nxe7+ Nxe7 20. exf5 Rxf5 21.
Ne3 Rf7 22. f3 Nc6 23. Qd5 Qc8 24. Qd3 Qe6 25. Qd5 Qc8 26. Qd3 1/2-1/2

[Event "Europa ch s-16"]
[Site "Herceg Novi MNE"]
[Date "2008.09.19"]
[Round "5.32"]
[White "Nijs, Nils"]
[Black "Sitnic, Adnan"]
[Result "1/2-1/2"]
[WhiteElo "2150"]
[BlackElo "1920"]
[PlyCount "117"]
[EventDate "2008.09.15"]
[EventType "swiss"]
[EventRounds "9"]
[Source "lmi"]
[SourceDate "2008.09.15"]

1. d4 e6 2. c4 b6 3. a3 Bb7 4. Nc3 f5 5. d5 Nf6 6. g3 Be7 7. Bg2 O-O 8. Nh3 a5
9. O-O Qc8 10. Nf4 g5 11. Nd3 Ne8 12. e4 Ng7 13. Be3 Na6 14. Qd2 h6 15. h4 gxh4
16. Bxh6 hxg3 17. fxg3 Nc5 18. Nxc5 Bxc5+ 19. Kh2 Qe8 20. Qg5 Qe7 21. Qxe7 Bxe7
22. exf5 Rxf5 23. Rxf5 Nxf5 24. Bf4 Bd6 25. Nb5 Bxf4 26. gxf4 Ne3 27. Rg1 Kf8
28. Bh1 Rc8 29. dxe6 Bxh1 30. Rxh1 dxe6 31. Kg1 Kg7 32. b3 Nf5 33. Kf2 c6 34.
Nc3 Rd8 35. Rd1 Rh8 36. Rd7+ Kg6 37. Na4 Rh3 38. Nxb6 Rxb3 39. Nc8 Rxa3 40. Rc7
Ra2+ 41. Ke1 Nd4 42. Ne7+ Kf6 43. Nxc6 Nf3+ 44. Kd1 Kf5 45. Re7 a4 46. c5 Rd2+
47. Kc1 Rd5 48. Kb2 Kf6 49. Ra7 Rxc5 50. Nd8 Rd5 51. Nxe6 Kxe6 52. Rxa4 Kf5 53.
Kc3 Nh4 54. Rd4 Ra5 55. Kc4 Ra3 56. Kb4 Rf3 57. Kc5 Ng6 58. Rd7 Nxf4 59. Kc4
1/2-1/2